| 000 | 00526nam a22001937a 4500 | ||
|---|---|---|---|
| 005 | 20240321120843.0 | ||
| 008 | 240321b |||||||| |||| 00| 0 eng d | ||
| 020 | _a9789385915473 | ||
| 082 |
_a611 _bCHA-H |
||
| 100 | _aChaurasia's B.D | ||
| 245 |
_aHuman Anatomy / _bLower Limb Abdomen and Pelvis : _cChaurasia's B.D |
||
| 250 | _a7th ed. | ||
| 260 |
_aIndia : _bCBS : _c2016. |
||
| 300 |
_axxii ;498p. : _bill ; _c27.5 cm. |
||
| 490 | _vvol 2 : | ||
| 500 | _aInclude Index . | ||
| 650 | _aMedical / Anatomy | ||
| 999 |
_c35415 _d35415 |
||